It looks like you're offline.
Open Library logo
additional options menu

MARC record from Internet Archive

LEADER: 02308cam 22005418a 4500
001 ocn181335906
003 OCoLC
005 20180303035933.0
008 071113r20081952meu d 000 1 eng
010 $a 2007046710
040 $aDLC$beng$cDLC$dBTCTA$dBAKER$dON8$dB2A$dCQU$dZ87$dO2H$dBDX$dAU@$dOCLCO$dOCLCF$dOCLCO$dOCLCQ$dOCLCO$dNZOTG$dOCLCO$dOCLCQ$dOCL$dOCLCQ$dOCLCA
019 $a699124461
020 $a9781410405166$q(hardcover ;$qalk. paper)
020 $a1410405168$q(hardcover ;$qalk. paper)
035 $a(OCoLC)181335906$z(OCoLC)699124461
043 $an-us-tx
050 10 $aPS3505.O2685$bT74 2008
082 00 $a813/.52$222
100 1 $aCole, Jackson.
245 10 $aTrigger law /$cby Jackson Cole.
260 $aWaterville, Me. :$bThorndike Press,$c2008.
263 $a0803
300 $a185 pages (large print) ;$c23 cm.
336 $atext$btxt$2rdacontent
337 $aunmediated$bn$2rdamedia
338 $avolume$bnc$2rdacarrier
490 0 $aThorndike Press large print Western
520 0 $aRoma's raiders were a vicious crew with a thirst for murder. By plunder and terror they were about to steal an empire, and only Jim Hatfield stood in the way. But Hatfield was a Texas Ranger and wouldn't scare. And as the killers sent their threats and the deadly pressure mounted, Hatfield answered the only way a Ranger could--with flying fists and roaring guns that turned the whole Texas range into a wild fire of violence and awful retribution.
651 0 $aTexas$vFiction.
650 0 $aLarge type books.
650 7 $aLarge type books.$2fast$0(OCoLC)fst00992678
651 7 $aTexas.$2fast$0(OCoLC)fst01210336
655 7 $aWestern stories.$2fast$0(OCoLC)fst01726776
655 7 $aFiction.$2fast$0(OCoLC)fst01423787
655 7 $aWestern stories.$2gsafd
655 7 $aWestern fiction.$2lcgft
938 $aBaker & Taylor$bBKTY$c25.95$d25.95$i1410405168$n0007551851$sactive
938 $aBrodart$bBROD$n07672276$c$25.95
938 $aBaker and Taylor$bBTCP$nBK0007551851
029 1 $aAU@$b000042387565
029 1 $aAU@$b000046593140
029 1 $aAU@$b000049942498
029 1 $aNZ1$b12547343
029 1 $aNZ1$b13584230
029 1 $aNZ1$b14398539
029 1 $aNZ1$b15044698
994 $aZ0$bPMR
948 $hNO HOLDINGS IN PMR - 171 OTHER HOLDINGS